| 000 -LEADER |
| fixed length control field |
00499nam a22001571a 4500 |
| 020 ## - INTERNATIONAL STANDARD BOOK NUMBER |
| International Standard Book Number |
9788170813675 |
| 082 ## - DEWEY DECIMAL CLASSIFICATION NUMBER |
| Classification number |
S 294.5921 |
| Item number |
RAM/V |
| 100 ## - MAIN ENTRY--PERSONAL NAME |
| Personal name |
Rameshwara Dayal Gupta |
| 9 (RLIN) |
160694 |
| 245 ## - TITLE STATEMENT |
| Title |
Vaidic vangmay mem vigyan: |
| Remainder of title |
sciences in vedic literature/ |
| Statement of responsibility, etc. |
by Rameshwara Dayal Gupta. |
| 260 ## - PUBLICATION, DISTRIBUTION, ETC. |
| Place of publication, distribution, etc. |
Ujjayini: |
| Name of publisher, distributor, etc. |
Maharshi Sandeepani veda vidya Prathishttan, |
| Date of publication, distribution, etc. |
1997. |
| 300 ## - PHYSICAL DESCRIPTION |
| Extent |
339p. |
| 500 ## - GENERAL NOTE |
| General note |
Gupta Rameswar Dayal |
| 650 ## - SUBJECT ADDED ENTRY--TOPICAL TERM |
| Topical term or geographic name entry element |
Vedic Literature |
| 9 (RLIN) |
160695 |
| 650 ## - SUBJECT ADDED ENTRY--TOPICAL TERM |
| Topical term or geographic name entry element |
Religion |
| 9 (RLIN) |
160696 |
| 942 ## - ADDED ENTRY ELEMENTS (KOHA) |
| Koha item type |
Book |